000
00292nam a22001457a 4500
020
_a
817130502-4
082
_a
894.812.3
_b
BAS/N
100
_a
BASHEER
245
_a
NERUM NUNAYUM
260
_a
KOTTAYAM
_b
DC BOOKS
_c
2009
300
_a
263
520
_a
NOVEL
650
_a
NOVEL
942
_c
BK
999
_c
4699
_d
4699